Ce que je sais de toi (Record no. 4572)

MARC details
000 -CABECERA
campo de control de longitud fija 03760cam a2200313 i 4500
001 - NÚMERO DE CONTROL
campo de control 991107393860006196
005 - FECHA Y HORA DE LA ÚLTIMA TRANSACCIÓN
campo de control 20251001144745.0
008 - DATOS DE LONGITUD FIJA--INFORMACIÓN GENERAL
campo de control de longitud fija 230806t20232023fr 000 1 fre d
020 ## - NÚMERO INTERNACIONAL ESTÁNDAR DEL LIBRO
Número Internacional Estándar del Libro 9782073034809
035 ## - NÚMERO DE CONTROL DEL SISTEMA
Número de control de sistema (OCoLC)1395541710
035 ## - NÚMERO DE CONTROL DEL SISTEMA
Número de control de sistema (Fr-PaAMA)AAL08293758-0001
040 ## - FUENTE DE LA CATALOGACIÓN
Centro catalogador/agencia de origen Fr-PaAMA
Lengua de catalogación eng
Normas de descripción rda
Centro/agencia transcriptor tbs
050 #4 - SIGNATURA TOPOGRÁFICA DE LA BIBLIOTECA DEL CONGRESO
Número de clasificación PQ2703.H352
Número de documento/Ítem C4 2023
100 ## - ENTRADA PRINCIPAL--NOMBRE DE PERSONA
Nombre de persona Chacour, Eric
Fechas asociadas al nombre 1983-
Término indicativo de función/relación author.
245 10 - MENCIÓN DE TÍTULO
Título Ce que je sais de toi
Resto del título : roman
Mención de responsabilidad, etc. / Eric Chacour.
264 #1 - PRODUCCIÓN, PUBLICACIÓN, DISTRIBUCIÓN, FABRICACIÓN Y COPYRIGHT
Producción, publicación, distribución, fabricación y copyright Paris :
Nombre del de productor, editor, distribuidor, fabricante Philippe Rey,
Fecha de producción, publicación, distribución, fabricación o copyright [2023]
300 ## - DESCRIPCIÓN FÍSICA
Extensión 301 pages ;
Dimensiones 22 cm
520 ## - SUMARIO, ETC.
Sumario, etc. Un premier roman à l'écriture ciselée et aux multiples rebondissements, l'histoire d'une vie bouleversée par l'amour et un vent de liberté.<br/>Le Caire, années 1980. La vie bien rangée de Tarek est devenue un carcan. Jeune médecin ayant repris le cabinet médical de son père, il partage son existence entre un métier prenant et le quotidien familial où se côtoient une discrète femme aimante, une matriarche autoritaire follement éprise de la France, une sœur confidente et la domestique, gardienne des secrets familiaux. L'ouverture par Tarek d'un dispensaire dans le quartier défavorisé du Moqattam est une bouffée d'oxygène, une reconnexion nécessaire au sens de son travail. Jusqu'au jour où une surprenante amitié naît entre lui et un habitant du lieu, Ali, qu'il va prendre sous son aile. Comment celui qui n'a rien peut-il apporter autant à celui qui semble déjà tout avoir ? Un vent de liberté ne tarde pas à ébranler les certitudes de Tarek et bouleverse sa vie.<br/>Premier roman servi par une écriture ciselée, empreint d'humour, de sensualité et de délicatesse, Ce que je sais de toi entraîne le lecteur dans la communauté levantine d'un Caire bouillonnant, depuis le règne de Nasser jusqu'aux années 2000. Au fil de dévoilements successifs distillés avec brio par une audacieuse narration, il décrit un clan déchiré, une société en pleine transformation, et le destin émouvant d'un homme en quête de sa vérité.
520 ## - SUMARIO, ETC.
Sumario, etc. A debut novel with finely honed prose and countless twists and turns — the story of a life upended by love and a breeze of freedom.<br/><br/>Cairo, 1980s. Tarek’s orderly life has become a straitjacket. A young doctor who has taken over his father’s practice, he divides his days between a demanding profession and the family routine, where a discreet and loving wife, a domineering matriarch madly in love with France, a confidante sister, and the housemaid — guardian of family secrets — all coexist. The opening of a clinic by Tarek in the underprivileged Moqattam neighbourhood offers a breath of fresh air, a much-needed reconnection with the purpose of his work. Until one day, a surprising friendship begins between him and a local resident, Ali, whom he takes under his wing. How can someone who has nothing give so much to someone who seems to have it all? A wind of freedom soon begins to shake Tarek’s certainties and turn his life upside down.<br/><br/>This debut novel, carried by finely chiselled prose, laced with humour, sensuality, and delicacy, draws the reader into the Levantine community of a vibrant Cairo, from the Nasser era to the early 2000s. Through successive revelations brilliantly woven into a bold narrative, it portrays a torn clan, a society in flux, and the moving fate of a man in search of his own truth.
650 #0 - PUNTO DE ACCESO ADICIONAL DE MATERIA--TÉRMINO DE MATERIA
Término de materia o nombre geográfico como elemento de entrada Social change
Subdivisión geográfica Egypt
650 #0 - PUNTO DE ACCESO ADICIONAL DE MATERIA--TÉRMINO DE MATERIA
Término de materia o nombre geográfico como elemento de entrada Love stories​
9 (RLIN) 25014
650 #0 - PUNTO DE ACCESO ADICIONAL DE MATERIA--TÉRMINO DE MATERIA
Término de materia o nombre geográfico como elemento de entrada Exiles
9 (RLIN) 25013
650 #0 - PUNTO DE ACCESO ADICIONAL DE MATERIA--TÉRMINO DE MATERIA
Término de materia o nombre geográfico como elemento de entrada Cultural conflict
9 (RLIN) 25012
651 #0 - PUNTO DE ACCESO ADICIONAL DE MATERIA--NOMBRE GEOGRÁFICO
Nombre geográfico Egypt
Fuente del encabezamiento o término History
Subdivisión de forma Fiction
Subdivisión cronológica 20th century
655 #0 - TÉRMINO DE INDIZACIÓN--GÉNERO/FORMA
Datos o término principal de género/forma Historical fiction
9 (RLIN) 22722
942 ## - ELEMENTOS DE ENTRADA AGREGADA (KOHA)
Fuente del sistema de clasificación o colocación Clasificación de Library of Congress
949 ## - PROCESAMIENTO DE INFORMACIÓN LOCAL (OCLC)
a PQ2703.H352 C4 2023Y
c 1
i 31761111754388
m ROBARTS
l STACKS
t BOOK
960 ## - LOCALIZACIÓN FÍSICA (RLIN)
Localización física, PLOC (RLIN) CHA-AP JUN 2024
Holdings
Estado de retiro Estado de pérdida Fuente del sistema de clasificación o colocación Estado dañado No para préstamo Biblioteca de origen Biblioteca actual Fecha de adquisición Total de préstamos Signatura topográfica completa Código de barras Fecha visto por última vez Número de copia Precio válido a partir de Tipo de ítem Koha
    Clasificación de Library of Congress     TBS Barcelona TBS Barcelona 24/03/2025   P-FR CHA B06057 24/03/2025 1 24/03/2025 Book

Powered by Koha